Interferons : a primer /

Bibliographic Details
Main Author: Friedman, Robert M.
Format: Book
Language:English
Published: New York, N.Y. : Academic Press, 1981.
Subjects:

MARC

Tag First Indicator Second Indicator Subfields
LEADER 00000pam a2200000 a 4500
001 in00000089437
005 20151008063445.0
008 810323s1981 nyua b 00110 eng
010 |a  81002887  
020 |a 0122682807 
035 |a (OCoLC)07329428 
035 |9 AAK2271AM 
039 0 |a 2  |b 3  |c 3  |d 3  |e 3 
040 |a DLC  |c DLC  |d TXA  |d UtOrBLW 
049 |a TXAM  |c [1442362] 
050 0 0 |a QR187.5  |b .F74 
060 0 |a QW 800 F862i 
082 0 |a 616.07/9  |2 19 
100 1 |a Friedman, Robert M. 
245 1 0 |a Interferons :  |b a primer /  |c Robert M. Friedman. 
264 1 |a New York, N.Y. :  |b Academic Press,  |c 1981. 
300 |a xii, 151 pages :  |b illustrations ;  |c 24 cm. 
336 |a text  |b txt  |2 rdacontent 
337 |a unmediated  |b n  |2 rdamedia 
338 |a volume  |b nc  |2 rdacarrier 
504 |a Includes bibliographies and index. 
650 0 |a Interferon. 
650 2 |a Interferons. 
999 |a MARS 
999 f f |s f013ec64-2fce-355e-acd2-fef8c454b871  |i a23803b3-c5b1-3da8-9624-6a357d3f350f  |t 0 
952 f f |p ric  |a Texas A&M University  |b Rellis Campus  |c Joint Library Facility  |d Remote Storage  |t 0  |e QR187.5 .F74  |h Library of Congress classification  |i unmediated -- volume  |m A14806226431 
998 f f |a QR187.5 .F74  |t 0  |l Remote Storage